00295nam a2200121Ia 4500003000400000005001700004008004100021020001800062040002000080100002300100245002500123260002500148OSt20240111125622.0170524s9999 xx 000 0 und d a9788189161163 cIIMT UNIVERSITY aSINGH- DEV NARAYAN 0aVYASTI ARTHVYAVASTHA bNew Delhi : Adhiyaya